| 000 | 00516nam a22001697a 4500 | ||
|---|---|---|---|
| 005 | 20231107084125.0 | ||
| 008 | 231107b |||||||| |||| 00| 0 eng d | ||
| 020 | _a0702114049 | ||
| 041 | _aEnglish | ||
| 082 | _a346.44 ENV | ||
| 100 | _lEnglish | ||
| 245 |
_aEnvironmental Concerns in South Africa / _cFuggle, RF and Rabie, MA |
||
| 260 |
_aCape Town : _bJuta and Company Ltd, _c1983 |
||
| 300 |
_bix, 587 pages ; _c26 cm. |
||
| 650 |
_aLegal practice _bLaw |
||
| 942 |
_cBK _6ALISON_BN_VRIES |
||
| 999 |
_c354 _d354 |
||